Statystyki dla Co to za kraj?

Kliknij tutaj aby rozwiązać quiz!

Ogólne statystyki

  • Ten quiz został rozwiązany 14 razy
    (11 od ostatniego zresetowania)
  • Średni wynik to 8 z 15

Statystyki odpowiedzi

PodpowiedźPaństwo% Poprawnych
1. Most Króla Fahda łączy ten kraj z innym, położonym na wyspach i obecnie nie ma do niego innej drogi lądowej
2. Kraj posiada największą liczbę luksusowych samochodów
3. Mężczyźni nie mogą rozmawiać z kobietami w miejscach publicznych. Wyjątkiem jest tylko rozmowa z lekarką
Arabia Saudyjska
78%
1. Kraj próbuje wpisać frytki jako swoje narodowe danie na listę światowego dziedzictwa UNESCO
2. Mieszkańcy tego państwa wymyślili i zaprojektowali Euro
3. Tutejsza czekolada cieszy się opinią najlepszej na świecie
Belgia
78%
1. Jest to największy na świecie producent suszonej fasoli
2. Kraj jako pierwszy sprzedawał i handlował bawełną
3. Spośród 10 największych miast świata, aż 3 znajdują się w tym państwie
Indie
78%
1. Jest najczęściej odwiedzanym państwem na swoim kontynencie
2. Z tego kraju pochodzi tradycja prima aprilis
3. Można znaleźć tu automaty z winem i świeżym chlebem
Francja
67%
1. Nazwa kraju w dawnym tłumaczeniu to "Miasto Lwa"
2. Jest to jedno z najczystrzych państw świata, w którym kary za śmiecenie są bardzo wysokie
3. Narodowym owocem uważanym za najbardziej śmierdzący na świecie jest durian
Singapur
67%
1. Najbardziej popularnym środkiem transportu są tu rowery
2. 4 lipca jest tam obchodzone Święto Stanów Zjednoczonych. Jest to data uzyskania przez nie niepodległości
3. Z Przylądka Grenen na północy kraju widać ciekawe zjawisko - łączą się tam dwa morza o przeciwnych kierunkach prądów
Dania
56%
1. W XXI w. od tego państwa odłączyło się inne, będące aktualnie jednym z najmłodszych na świecie i najmłodszym na kontynencie
2. W jego posiadaniu jest ponad 17 tys. wysp
3. Kraj posiada największą populację muzułmanów, stanowią oni aż 90% całej ludności
Indonezja
56%
1. Jedyne państwo, któremu Polska w dwudziestoleciu międzywojennym wypowiedziała wojnę
2. W tym kraju mieszkają rolnicy, którzy potrafią wychodować kwadratowe arbuzy
3. Tradycyjne jedzenie stąd pochodzące jest uważane za najzdrowsze na świecie
Japonia
56%
1. Krajem nie rządzi prezydent, a dwaj regenci (aktualnie Maria Luisa Berti i Manuel Ciavatta)
2. Jest tu więcej samochodów niż ludzi
3. Najdłuższa rzeka, jak i stolica noszą taką nazwę, jak kraj
San Marino
56%
1. Jego stolica często jest nazywana "Wenecją Północy" z powodu jej specyficznego położenia - miasto bowiem jest zbudowane na wodzie
2. Ponad 25% kraju leży poniżej poziomu morza
3. Średni wzrost w państwie jest największy na świecie - u mężczyzn 184 cm, a u kobiet - 170
Holandia
44%
1. Kraj często nazywany jest "El Cocodrilo", co w języku ojczystym oznacza "Krokodyl". Wzięło się to od jego kształtu, który przypomina krokodyla
2. Państwo znane jest z tego, że po drogach jeździ wiele amerykańskich samochodów z lat 50-tych
3. W 1993 r. na 100 mieszkańców przypadało 5 telefonów, jednak w 2008 r. były prezydent zezwolił na ich zakup przez każdego
Kuba
44%
1. W państwie znajduje się druga na świecie co do ilości nakręconych filmów branża filmowa - Nollywood
2. Państwo ma jedną z naszybciej rozwijających się gospodarek na świecie i jest liderem w kwestii operacji pokojowych
3. W 1967 r., podczas wojny domowej, obydwie strony zgodziły się na dwudniowe zawieszenie broni, aby móc obejrzeć mecz brazylijczyka Pele
Nigeria
44%
1. Jeden z jedenastu oficjalnych języków tego państwa jest najmłodszym na świecie
2. Kraj jako pierwszy na świecie samodzielnie skonstruował bombę atomową
3. Państwo generuje 2/3 całej energii elektrycznej w Afryce
Republika Południowej Afryki
44%
1. W większości budynków na suficie znajduje się czarna strzałka, która wskazuje kierunek Mekki
2. W tym państwie istnieje miasto o nazwie Batman, z którym wiąże się ciekawa historia - otóż w 2008 r. burmistrz chciał pozwać twórów filmu o tej nazwie o nielegalne jej użycie, a w 2018 r. mieszkańcy złożyli petycję o zmianę granic administracyjnych tak, aby wyglądały jak nietoperz
3. Urodził się tutaj św. Mikołaj
Turcja
44%
1. Jest to jedno z dwóch państw, które choć leży również na stałym kontynencie, swoją stolicę ma na wyspie
2. Jego nazwa pochodzi od pewnego równoleżnika, jednak żadna część państwa na nim nie leży
3. Jedno z dwóch słów w nazwie tego kraju możamy spotkać jeszcze w trzech innych nazwach
Gwinea Równikowa
33%

Rozkład punktacji

Percentyl według liczby udzielonych odpowiedzi

Procent ludzi z każdym wynikiem

Twoja historia wyników

Nie rozwiązałeś tego quizu od ostatniego zresetowania